RUBBER AND PLASTICS -FIRES AND FLAMMABILITY BULLETIN (Record no. 10521)

MARC details
000 -LEADER
fixed length control field 00449nam a2200145Ia 4500
022 ## - INTERNATIONAL STANDARD SERIAL NUMBER
ISSN 0142-9358
245 #0 - TITLE STATEMENT
Title RUBBER AND PLASTICS -FIRES AND FLAMMABILITY BULLETIN
260 ## - PUBLICATION, DISTRIBUTION, ETC. (IMPRINT)
Name of publisher Elsevier Science Publishers, Amsterdam, The Netherlands
310 ## - CURRENT PUBLICATION FREQUENCY
Current publication frequency M
500 ## - GENERAL NOTE
General note Ending Volume & Year: 7, 1986
500 ## - GENERAL NOTE
General note Missing Volume: 1(1-5);3;5
500 ## - GENERAL NOTE
General note Starting Volume & Year: 1, 1980
942 ## - ADDED ENTRY ELEMENTS (KOHA)
Koha item type Bound Journal
Holdings
Withdrawn status Lost status Damaged status Not for loan Home library Current library Date acquired Accession Number Koha item type
      Bound journals RRII Library RRII Library 31/12/2021 10449J Bound Journal